000 00329nam a2200133Ia 4500
008 231129s1968||||xx |||||||||||||| ||spa||
040 _bspa
082 _aCo863.44 D946n
100 _aDuque López Alberto
245 0 _aNueva historia de mateo el flautista
260 _c1968
264 _aEdiciones Lerner
942 _2ddc
_cBKS
999 _c21871
_d21871